000 01041nam a22003617a 4500
001 067
003 DO-SdBNP
005 20180220140004.0
007 067
008 151005b1992 sp a 00| 0 spa d
020 _a8434820900
040 _aBPMSU
_bspa
_cBPMSU
092 _aXXXX
_bXXXX
100 1 _aTurner, Ethel
240 1 0 _aSeven little australians /
_f1987
_leng
245 1 0 _aSiete chicos australianos /
_cEthel Turner ; ilustraciones Sandra Laroche ; traducción Ana Moret ; colección dirigida por Marinella Terzi
250 _a6a. ed.
260 _aMadrid :
_bEdiciones SM,
_c1992.
300 _a165 p. :
_bil. ;
_c19 cm.
490 1 _aEl barco de vapor
_v38
490 1 _aRoja
500 _aA partir de 12 años
521 1 _aA partir de los 12 años
700 1 2 _aTerzi, Marinella
_edir.
700 1 2 _aLaroche, Sandra
_eil.
700 1 2 _aMoret, Ana
_etrad.
830 0 _aBarco de vapor
_n38
830 0 _aRoja
910 _a202
942 _2ddc
_cBK
945 _aInventariado, 2018/ YL
956 _aYLOCKWARD
_b10
_cBPMSU
999 _c8480
_d8480